[Event "Cappelle op 25th"]
[Site "Cappelle la Grande"]
[Date "2009.03.03"]
[Round "5"]
[White "Babaev, Rashad"]
[Black "Drozdovskij, Yuri"]
[Result "1/2-1/2"]
[WhiteElo "2491"]
[BlackElo "2607"]
[PlyCount "29"]
[EventDate "2009.02.28"]
[EventType "swiss"]
[EventRounds "9"]
[EventCountry "FRA"]
[SourceTitle "CBM 129 Extra"]
[Source "ChessBase"]
[SourceDate "2009.05.05"]
[SourceVersion "2"]
[SourceVersionDate "2009.05.20"]
[SourceQuality "1"]

1. e4 e6 2. d4 d5 3. Nd2 c5 4. Ngf3 Nf6 5. exd5 Nxd5 6. dxc5 Nd7 7. g3 Nxc5 8. Bg2 Be7 9. 0-0 0-0 10. Nb3 Qc7 11. c4 Nxb3 12. axb3 Nb4 13. Bf4 Qb6 14. Ne5 Nc6 15. Nxc6 1/2-1/2

[Event "Cappelle op 25th"]
[Site "Cappelle la Grande"]
[Date "2009.03.02"]
[Round "3"]
[White "Babaev, Rashad"]
[Black "Vorobiov, Evgeny E"]
[Result "1/2-1/2"]
[WhiteElo "2491"]
[BlackElo "2591"]
[PlyCount "30"]
[EventDate "2009.02.28"]
[EventType "swiss"]
[EventRounds "9"]
[EventCountry "FRA"]
[SourceTitle "CBM 129 Extra"]
[Source "ChessBase"]
[SourceDate "2009.05.05"]
[SourceVersion "2"]
[SourceVersionDate "2009.05.20"]
[SourceQuality "1"]

1. e4 c5 2. Nf3 d6 3. d4 cxd4 4. Nxd4 Nf6 5. Nc3 a6 6. Be2 Nbd7 7. f4 g6 8. 0-0 Bg7 9. Kh1 0-0 10. Nb3 b5 11. Bf3 Bb7 12. Re1 Qc7 13. Nd5 Nxd5 14. exd5 Nf6 15. c3 a5 1/2-1/2

[Event "AZE-ch"]
[Site "Baku"]
[Date "2009.01.19"]
[Round "7"]
[White "Safarli, Eltaj"]
[Black "Babaev, Rashad"]
[Result "0-1"]
[WhiteElo "2564"]
[BlackElo "2491"]
[PlyCount "100"]
[EventDate "2009.01.13"]
[EventType "tourn"]
[EventRounds "9"]
[EventCountry "AZE"]
[EventCategory "11"]
[SourceTitle "CBM 128 Extra"]
[Source "ChessBase"]
[SourceDate "2009.03.05"]
[SourceVersion "2"]
[SourceVersionDate "2009.03.25"]
[SourceQuality "1"]

1. e4 c5 2. Nf3 d6 3. d4 Nf6 4. Nc3 cxd4 5. Nxd4 Nc6 6. Bg5 e6 7. Qd2 Qb6 8. Nb3 Be7 9. 0-0-0 0-0 10. f3 a6 11. g4 Rd8 12. Be3 Qc7 13. g5 Nd7 14. h4 b5 15. h5 b4 16. Ne2 d5 17. Ned4 Nxd4 18. Nxd4 dxe4 19. g6 Nf6 20. f4 Nd5 21. gxf7+ Kxf7 22. Bg2 Nc3 23. Bxe4 Nxe4 24. Qg2 Nc3 25. Rhg1 Nxd1 26. Qxg7+ Ke8 27. Qxh7 Rxd4 28. Qh8+ Bf8 29. Bxd4 Qxf4+ 30. Kb1 Nc3+ 31. bxc3 bxc3 32. Bxc3 Ra7 33. Ka1 Rf7 34. Rb1 Qc4 35. h6 Bb7 36. Rb4 Qc6 37. Rh4 Qb5 38. Rb4 Qg5 39. Bg7 Rxg7 40. hxg7 Qe5+ 41. Rb2 Qxg7 42. Qh5+ Kd8 43. Qd1+ Kc7 44. Kb1 Bd5 45. Qe1 Qd4 46. Qa5+ Kd7 47. Qe1 Bg7 48. c3 Be4+ 49. Ka1 Qxc3 50. Qd1+ Ke7 0-1

[Event "AZE-ch"]
[Site "Baku"]
[Date "2009.01.16"]
[Round "4"]
[White "Babaev, Rashad"]
[Black "Rasulov, Vugar Ural Oglu"]
[Result "1-0"]
[WhiteElo "2491"]
[BlackElo "2391"]
[PlyCount "59"]
[EventDate "2009.01.13"]
[EventType "tourn"]
[EventRounds "9"]
[EventCountry "AZE"]
[EventCategory "11"]
[SourceTitle "CBM 128 Extra"]
[Source "ChessBase"]
[SourceDate "2009.03.05"]
[SourceVersion "2"]
[SourceVersionDate "2009.03.25"]
[SourceQuality "1"]

1. e4 c5 2. Nf3 e6 3. d4 cxd4 4. Nxd4 a6 5. Nc3 Qc7 6. Be2 b5 7. 0-0 Bb7 8. Re1 Nc6 9. Nxc6 dxc6 10. e5 Rd8 11. Bd3 c5 12. Qh5 g6 13. Qh3 Bg7 14. Bg5 Ne7 15. Be4 Rd4 16. Bxb7 Qxb7 17. f3 h6 18. Be3 Rc4 19. Ne4 Bxe5 20. c3 Qc7 21. Rad1 Nd5 22. Bc1 Nf6 23. Ng5 Bxh2+ 24. Kh1 Qg3 25. Qxe6+ fxe6 26. Rxe6+ Kf8 27. Rxf6+ Ke8 28. Re6+ Kf8 29. Rd8+ Kg7 30. Rd7+ 1-0

[Event "Boeblingen op 25th"]
[Site "Boeblingen"]
[Date "2008.12.27"]
[Round "4"]
[White "Babaev, Rashad"]
[Black "Anibar, Ahmed"]
[Result "1-0"]
[WhiteElo "2479"]
[BlackElo "2214"]
[PlyCount "73"]
[EventDate "2008.12.26"]
[EventType "swiss"]
[EventRounds "9"]
[EventCountry "GER"]
[SourceTitle "CBM 128 Extra"]
[Source "ChessBase"]
[SourceDate "2009.03.05"]
[SourceVersion "2"]
[SourceVersionDate "2009.03.25"]
[SourceQuality "1"]

1. e4 e6 2. d4 d5 3. Nd2 Nc6 4. Ngf3 Nf6 5. e5 Nd7 6. Bd3 Nb4 7. Be2 c5 8. c3 Nc6 9. Bd3 f6 10. exf6 Qxf6 11. 0-0 Bd6 12. Re1 0-0 13. Bxh7+ Kh8 14. Bc2 cxd4 15. cxd4 g6 16. Nf1 e5 17. Bg5 Qg7 18. dxe5 Ndxe5 19. Nxe5 Bxe5 20. Qd2 Kh7 21. Qxd5 Bf5 22. Be4 Rae8 23. Qd3 Bxb2 24. Bxf5 gxf5 25. Rxe8 Bxa1 26. Rxf8 Qxf8 27. Qb1 Bg7 28. Qxb7 Nd4 29. Be3 Ne2+ 30. Kh1 a5 31. Qb5 Nc3 32. Qxa5 f4 33. Qh5+ Kg8 34. Bd2 f3 35. Bxc3 fxg2+ 36. Kxg2 Bxc3 37. Qd5+ 1-0

[Event "Boeblingen op 25th"]
[Site "Boeblingen"]
[Date "2008.12.27"]
[Round "3"]
[White "Gheng, Josef"]
[Black "Babaev, Rashad"]
[Result "0-1"]
[WhiteElo "2315"]
[BlackElo "2479"]
[PlyCount "106"]
[EventDate "2008.12.26"]
[EventType "swiss"]
[EventRounds "9"]
[EventCountry "GER"]
[SourceTitle "CBM 128 Extra"]
[Source "ChessBase"]
[SourceDate "2009.03.05"]
[SourceVersion "2"]
[SourceVersionDate "2009.03.25"]
[SourceQuality "1"]

1. e4 c5 2. Nf3 d6 3. d4 cxd4 4. Nxd4 Nf6 5. Nc3 Nc6 6. Be2 e5 7. Nb3 Be7 8. 0-0 0-0 9. f4 a5 10. Be3 a4 11. Nd2 a3 12. b3 Nd4 13. Bxd4 exd4 14. Nd5 Nxd5 15. exd5 Ra5 16. Bd3 Rxd5 17. b4 g6 18. g4 Bd7 19. Bc4 Rb5 20. Bxb5 Bxb5 21. Rf3 Qb6 22. Qe1 Bf6 23. Ne4 Bg7 24. Qf2 Bc6 25. Re1 Re8 26. Nxd6 Rxe1+ 27. Qxe1 Qd8 28. Rxa3 Qxd6 29. Ra8+ Bf8 30. b5 Bxb5 31. Qe5 Qxe5 32. fxe5 Bc4 33. Kf2 Kg7 34. Kf3 Bd5+ 35. Kf4 Bb4 36. Rd8 Bd2+ 37. Kg3 Bxa2 38. Rxd4 Bc3 39. Re4 b5 40. g5 Be6 41. Re2 b4 42. Kf4 Bf5 43. h4 Kf8 44. h5 Ke7 45. hxg6 hxg6 46. Rf2 Ke6 47. Re2 Bb2 48. Ke3 Bxe5 49. Rd2 Bc3 50. Re2 Kd5 51. Kf4 Kc4 52. Ke3 Be5 53. Kf3 Bd4 0-1

[Event "Albacete op 16th"]
[Site "Albacete"]
[Date "2008.09.04"]
[Round "6"]
[White "Ivanov, Jordan"]
[Black "Babaev, Rashad"]
[Result "1/2-1/2"]
[WhiteElo "2421"]
[BlackElo "2484"]
[PlyCount "22"]
[EventDate "2008.09.01"]
[EventType "swiss"]
[EventRounds "9"]
[EventCountry "ESP"]
[SourceTitle "CBM 126 Extra"]
[Source "ChessBase"]
[SourceDate "2008.11.05"]
[SourceVersion "1"]
[SourceVersionDate "2008.11.05"]
[SourceQuality "1"]

1. d4 Nf6 2. c4 g6 3. Nc3 Bg7 4. e4 d6 5. h3 0-0 6. Nf3 e5 7. d5 Na6 8. Bg5 Qe8 9. g4 Nd7 10. Rg1 Kh8 11. Qd2 Ndc5 1/2-1/2

[Event "Albacete op 16th"]
[Site "Albacete"]
[Date "2008.09.03"]
[Round "4"]
[White "Espinosa Aranda, Angel"]
[Black "Babaev, Rashad"]
[Result "1-0"]
[WhiteElo "2313"]
[BlackElo "2484"]
[PlyCount "148"]
[EventDate "2008.09.01"]
[EventType "swiss"]
[EventRounds "9"]
[EventCountry "ESP"]
[SourceTitle "CBM 126 Extra"]
[Source "ChessBase"]
[SourceDate "2008.11.05"]
[SourceVersion "1"]
[SourceVersionDate "2008.11.05"]
[SourceQuality "1"]

1. e4 c5 2. Nf3 d6 3. Bb5+ Nd7 4. 0-0 Ngf6 5. Re1 a6 6. Bxd7+ Nxd7 7. c3 e6 8. d4 Be7 9. Bf4 b6 10. Nbd2 cxd4 11. cxd4 g5 12. Nxg5 Bxg5 13. Bxd6 Be7 14. Bg3 Nf8 15. Nc4 Ng6 16. d5 0-0 17. d6 Bf6 18. e5 Bh4 19. Qd4 Rb8 20. Ne3 f5 21. f4 Rf7 22. Rac1 Nf8 23. Bxh4 Qxh4 24. g3 Qh5 25. Qd1 Qxd1 26. Rexd1 Bb7 27. Rc3 h5 28. Rdc1 Nd7 29. Rc7 Be4 30. Rc8+ Rxc8 31. Rxc8+ Kg7 32. Re8 Nf8 33. Nc4 Rb7 34. Re7+ Kg6 35. Rxb7 Bxb7 36. Nxb6 Kf7 37. Kf2 Ke8 38. Ke3 Nd7 39. Na4 Bc6 40. Nc3 Kd8 41. Kd4 Kc8 42. b3 Kb7 43. Nd1 Kb6 44. Ne3 Bf3 45. Nc4+ Kb5 46. Na3+ Kc6 47. Nc4 Be4 48. Nd2 Bd5 49. Nb1 Nb6 50. Nd2 Bg2 51. Nb1 Nd5 52. a3 Nb6 53. Nd2 Bd5 54. Kc3 Nd7 55. Nf1 Nc5 56. b4 Na4+ 57. Kd4 Nb6 58. Ne3 Bf3 59. Kd3 Kb5 60. Kd4 Be2 61. Kc3 Kc6 62. Kd4 Bb5 63. Nd1 Nc4 64. Kc3 Kd5 65. Nf2 Nxa3 66. Nd3 Nc4 67. Nc5 Nb6 68. Kd2 Nd7 69. Nb7 Kc4 70. h3 Nf8 71. Nd8 Kxb4 72. g4 fxg4 73. hxg4 hxg4 74. f5 Bd7 1-0

[Event "Albacete op 16th"]
[Site "Albacete"]
[Date "2008.09.02"]
[Round "3"]
[White "Babaev, Rashad"]
[Black "Fernandez Garcia, Jose Miguel"]
[Result "1-0"]
[WhiteElo "2484"]
[BlackElo "2135"]
[PlyCount "73"]
[EventDate "2008.09.01"]
[EventType "swiss"]
[EventRounds "9"]
[EventCountry "ESP"]
[SourceTitle "CBM 126 Extra"]
[Source "ChessBase"]
[SourceDate "2008.11.05"]
[SourceVersion "1"]
[SourceVersionDate "2008.11.05"]
[SourceQuality "1"]

1. e4 c5 2. Nf3 e6 3. d4 cxd4 4. Nxd4 a6 5. Nc3 Qc7 6. g3 Bb4 7. Bd2 Nc6 8. Nxc6 dxc6 9. Bg2 e5 10. 0-0 Be7 11. a4 Nf6 12. a5 0-0 13. Na4 Be6 14. Qe2 Rad8 15. Be3 c5 16. Nb6 Nd7 17. Na4 Rfe8 18. c4 Nb8 19. f4 f6 20. f5 Bf7 21. Nb6 Nc6 22. Nd5 Bxd5 23. exd5 Nd4 24. Qd3 Bd6 25. Be4 Rb8 26. Bd2 b6 27. axb6 Qxb6 28. Bc3 Ra8 29. g4 h6 30. h4 Re7 31. Kg2 Qd8 32. Ra3 Re8 33. Rfa1 Qc8 34. Kf2 g5 35. hxg5 hxg5 36. Rh1 Kf7 37. Rh6 1-0

[Event "Collado Villalba op-A 25th"]
[Site "Collado Villalba"]
[Date "2008.08.30"]
[Round "9"]
[White "Babaev, Rashad"]
[Black "Vega Gomez, Francisco Borja"]
[Result "1-0"]
[WhiteElo "2484"]
[BlackElo "2170"]
[PlyCount "117"]
[EventDate "2008.08.22"]
[EventType "swiss"]
[EventRounds "9"]
[EventCountry "ESP"]
[SourceTitle "EXT 2009"]
[Source "ChessBase"]
[SourceDate "2008.11.26"]
[SourceVersion "1"]
[SourceVersionDate "2008.11.26"]
[SourceQuality "1"]

1. e4 d5 2. exd5 Qxd5 3. Nc3 Qe5+ 4. Be2 c6 5. Nf3 Qc7 6. d4 Nf6 7. 0-0 Bg4 8. d5 Nxd5 9. Nxd5 cxd5 10. Qxd5 e6 11. Qb5+ Nc6 12. Bf4 Qc8 13. h3 a6 14. Qb6 Bh5 15. g4 Bg6 16. Nd4 Nxd4 17. Qxd4 f6 18. Bc4 Bc5 19. Qc3 0-0 20. Rad1 Kh8 21. Bb3 e5 22. Be3 Bxe3 23. Qxe3 Qc7 24. Rd5 Bf7 25. Rd2 Bxb3 26. Qxb3 f5 27. Rfd1 fxg4 28. hxg4 e4 29. Qe3 Rae8 30. Rd7 Qe5 31. R1d4 Rf3 32. Qxe4 Qxe4 33. Rxe4 Ref8 34. Rd2 h6 35. Kg2 R8f7 36. Re3 R3f4 37. Kg3 Kh7 38. f3 Ra4 39. a3 Rc7 40. Re4 Ra5 41. Red4 Rac5 42. c3 b5 43. Rd7 a5 44. Rxc7 Rxc7 45. Rd4 g5 46. Kf2 Rc5 47. Ke3 h5 48. Rd7+ Kg6 49. Rd6+ Kh7 50. gxh5 b4 51. cxb4 axb4 52. axb4 Rc2 53. b5 Rxb2 54. b6 Rb4 55. h6 Kh8 56. Kd3 g4 57. fxg4 Rxg4 58. Rd8+ Kh7 59. b7 1-0

[Event "Collado Villalba op-A 25th"]
[Site "Collado Villalba"]
[Date "2008.08.26"]
[Round "5"]
[White "Babaev, Rashad"]
[Black "Sanchez Guirado, Francisco Javier"]
[Result "1/2-1/2"]
[WhiteElo "2484"]
[BlackElo "2415"]
[PlyCount "33"]
[EventDate "2008.08.22"]
[EventType "swiss"]
[EventRounds "9"]
[EventCountry "ESP"]
[SourceTitle "CBM 126 Extra"]
[Source "ChessBase"]
[SourceDate "2008.11.05"]
[SourceVersion "1"]
[SourceVersionDate "2008.11.05"]
[SourceQuality "1"]

1. e4 c5 2. Nf3 d6 3. d4 cxd4 4. Nxd4 Nf6 5. Nc3 Nc6 6. Be2 g6 7. Nb3 Bg7 8. 0-0 0-0 9. Bg5 a6 10. a4 b6 11. f4 Bb7 12. Bf3 Nd7 13. Rf2 Na5 14. Nd4 Rc8 15. Nd5 Re8 16. b3 Nc6 17. Nxc6 1/2-1/2

[Event "Collado Villalba op-A 25th"]
[Site "Collado Villalba"]
[Date "2008.08.24"]
[Round "3"]
[White "Babaev, Rashad"]
[Black "Baigorri Navarro, Francisco Javier"]
[Result "1-0"]
[WhiteElo "2484"]
[BlackElo "2178"]
[PlyCount "99"]
[EventDate "2008.08.22"]
[EventType "swiss"]
[EventRounds "9"]
[EventCountry "ESP"]
[SourceTitle "CBM 126 Extra"]
[Source "ChessBase"]
[SourceDate "2008.11.05"]
[SourceVersion "1"]
[SourceVersionDate "2008.11.05"]
[SourceQuality "1"]

1. e4 e6 2. d4 d5 3. Nd2 c5 4. Ngf3 Nf6 5. exd5 Qxd5 6. Bc4 Qd6 7. dxc5 Qxc5 8. Qe2 Qc7 9. b3 a6 10. a4 Be7 11. Bb2 Nbd7 12. 0-0 Nb6 13. Be5 Bd6 14. a5 Nxc4 15. Nxc4 Bxe5 16. Qxe5 Qxe5 17. Nfxe5 Ke7 18. Nb6 Rb8 19. Rad1 Nd5 20. Nxd5+ exd5 21. Rxd5 Be6 22. Rd2 Rbc8 23. f4 f6 24. Nf3 Rhd8 25. Nd4 Kf7 26. c4 Bf5 27. h3 Be4 28. Rc1 h5 29. h4 Rc5 30. b4 Rc7 31. Kf2 g5 32. hxg5 fxg5 33. fxg5 Kg6 34. Nf3 Rxd2+ 35. Nxd2 Rf7+ 36. Kg3 Bc6 37. Rf1 Rd7 38. Nf3 Bxf3 39. Rxf3 Kxg5 40. Rc3 Rd4 41. b5 axb5 42. cxb5 Rd5 43. Rb3 Rf5 44. Rb4 Re5 45. Kf3 Kf5 46. Rb2 Kg5 47. a6 bxa6 48. b6 Re8 49. b7 Rb8 50. Ke4 1-0

[Event "Collado Villalba op-A 25th"]
[Site "Collado Villalba"]
[Date "2008.08.23"]
[Round "2"]
[White "Ponce Lopez, Miguel"]
[Black "Babaev, Rashad"]
[Result "1/2-1/2"]
[WhiteElo "2170"]
[BlackElo "2484"]
[PlyCount "86"]
[EventDate "2008.08.22"]
[EventType "swiss"]
[EventRounds "9"]
[EventCountry "ESP"]
[SourceTitle "CBM 126 Extra"]
[Source "ChessBase"]
[SourceDate "2008.11.05"]
[SourceVersion "1"]
[SourceVersionDate "2008.11.05"]
[SourceQuality "1"]

1. e4 c5 2. Nf3 d6 3. d4 cxd4 4. Nxd4 Nf6 5. Nc3 Nc6 6. Bc4 e6 7. 0-0 a6 8. Be3 Be7 9. Bb3 Na5 10. f4 Nxb3 11. axb3 0-0 12. Qf3 Qc7 13. g4 e5 14. Nf5 Bxf5 15. exf5 Qc6 16. g5 Qxf3 17. Rxf3 Nd7 18. Nd5 Bd8 19. c4 f6 20. h4 e4 21. Rf2 fxg5 22. fxg5 Ne5 23. Rf4 h6 24. gxh6 Bxh4 25. hxg7 Rf7 26. f6 Bg5 27. Rf5 Bxf6 28. Nxf6+ Kxg7 29. Nh5+ Kg6 30. Rxf7 Kxf7 31. Rf1+ Nf3+ 32. Kf2 Rh8 33. Rh1 b5 34. Ng3 Rxh1 35. Nxh1 Ne5 36. Bd4 Nc6 37. Ke3 bxc4 38. Kxe4 cxb3 39. Nf2 Ke6 40. Nd3 a5 41. Nf4+ Kd7 42. Nd5 Ke6 43. Bc3 a4 1/2-1/2

[Event "Manresa op 35th"]
[Site "Manresa"]
[Date "2008.08.18"]
[Round "7"]
[White "Bruzon Batista, Lazaro"]
[Black "Babaev, Rashad"]
[Result "1/2-1/2"]
[WhiteElo "2592"]
[BlackElo "2484"]
[PlyCount "41"]
[EventDate "2008.08.12"]
[EventType "swiss"]
[EventRounds "9"]
[EventCountry "ESP"]
[SourceTitle "CBM 125 Extra"]
[Source "ChessBase"]
[SourceDate "2008.09.01"]
[SourceVersion "1"]
[SourceVersionDate "2008.09.01"]
[SourceQuality "1"]

1. e4 c5 2. Nf3 d6 3. d4 cxd4 4. Nxd4 Nf6 5. Nc3 Nc6 6. Bg5 e6 7. Qd2 Qb6 8. Nb3 Be7 9. Bxf6 Bxf6 10. Qxd6 Be5 11. Qc5 Qxc5 12. Nxc5 Ke7 13. Bb5 Nd4 14. 0-0-0 Nxb5 15. Nxb5 b6 16. Nd3 Bb8 17. Rhe1 Bb7 18. Nd4 Rd8 19. c3 a6 20. g3 Ba7 21. f3 1/2-1/2

[Event "Creon op 13th"]
[Site "Creon"]
[Date "2008.08.02"]
[Round "8"]
[White "L'Hospital, Philippe"]
[Black "Babaev, Rashad"]
[Result "0-1"]
[WhiteElo "1905"]
[BlackElo "2484"]
[PlyCount "62"]
[EventDate "2008.07.28"]
[EventType "swiss"]
[EventRounds "9"]
[EventCountry "FRA"]
[SourceTitle "CBM 125 Extra"]
[Source "ChessBase"]
[SourceDate "2008.09.01"]
[SourceVersion "1"]
[SourceVersionDate "2008.09.01"]
[SourceQuality "1"]

1. d4 Nf6 2. Nf3 g6 3. e3 Bg7 4. Bd3 0-0 5. 0-0 d6 6. Nbd2 c5 7. b3 cxd4 8. exd4 Nc6 9. Bb2 Nb4 10. Be2 Bf5 11. c4 d5 12. Bc3 a5 13. a3 Nc6 14. c5 Ne4 15. Nxe4 dxe4 16. Ne5 Nxe5 17. dxe5 Qc7 18. Rc1 Rfd8 19. Qe1 Bxe5 20. h3 Be6 21. b4 axb4 22. axb4 Ra2 23. Bb5 Bxc3 24. Qxc3 Qf4 25. Rc2 Rxc2 26. Qxc2 e3 27. fxe3 Qxb4 28. Bd3 Bb3 29. Qb1 Qc3 30. Bb5 Qxe3+ 31. Kh1 Bd5 0-1

[Event "Balaguer op 13th"]
[Site "Balaguer"]
[Date "2008.07.22"]
[Round "9"]
[White "Lorenzo de la Riva, Lazaro"]
[Black "Babaev, Rashad"]
[Result "0-1"]
[WhiteElo "2367"]
[BlackElo "2484"]
[PlyCount "117"]
[EventDate "2008.07.14"]
[EventType "swiss"]
[EventRounds "10"]
[EventCountry "ESP"]
[SourceTitle "CBM 125 Extra"]
[Source "ChessBase"]
[SourceDate "2008.09.01"]
[SourceVersion "1"]
[SourceVersionDate "2008.09.01"]
[SourceQuality "1"]

1. e4 c5 2. Nf3 d6 3. d4 cxd4 4. Nxd4 Nf6 5. Nc3 Nc6 6. Bg5 e6 7. Qd2 Qb6 8. Nb3 Be7 9. 0-0-0 0-0 10. Be3 Qc7 11. f3 a6 12. g4 b5 13. g5 Nd7 14. Kb1 b4 15. Ne2 Nde5 16. Ned4 Nxd4 17. Nxd4 Nc4 18. Bxc4 Qxc4 19. h4 a5 20. h5 a4 21. g6 Bf6 22. h6 fxg6 23. hxg7 Rf7 24. Qh2 Rxg7 25. Qxd6 Ra6 26. Qh2 e5 27. Qe2 Qxe2 28. Nxe2 Be6 29. Bc5 Rb7 30. Nc1 Rc6 31. Rd6 Rxd6 32. Bxd6 Bc4 33. b3 axb3 34. axb3 Ba6 35. Rh2 Rb6 36. Bc5 Rb5 37. Bd6 h5 38. Nd3 Rb6 39. Bc5 Rc6 40. Nxb4 Rxc5 41. Nxa6 Rc3 42. Nb4 Rxf3 43. Nd5 Bd8 44. b4 h4 45. b5 g5 46. b6 Rf7 47. c4 g4 48. c5 g3 49. Rg2 Kh7 50. Ne3 Kg6 51. Kc2 Kg5 52. Nf5 Kf4 53. Rd2 Bxb6 54. cxb6 h3 55. Nxg3 Kxg3 56. Rd3+ Kf4 57. Rd8 Rh7 58. Rg8 Kf3 59. Rg1 0-1

[Event "Balaguer op 13th"]
[Site "Balaguer"]
[Date "2008.07.20"]
[Round "7"]
[White "Delchev, Aleksander"]
[Black "Babaev, Rashad"]
[Result "1-0"]
[WhiteElo "2618"]
[BlackElo "2484"]
[PlyCount "126"]
[EventDate "2008.07.14"]
[EventType "swiss"]
[EventRounds "10"]
[EventCountry "ESP"]
[SourceTitle "CBM 125 Extra"]
[Source "ChessBase"]
[SourceDate "2008.09.01"]
[SourceVersion "1"]
[SourceVersionDate "2008.09.01"]
[SourceQuality "1"]

1. d4 Nf6 2. c4 g6 3. Nc3 Bg7 4. e4 d6 5. Nf3 0-0 6. Be2 e5 7. Be3 exd4 8. Nxd4 Re8 9. f3 c6 10. Bf2 d5 11. exd5 cxd5 12. 0-0 Nc6 13. c5 Nh5 14. Qd2 Be5 15. g3 Ng7 16. Rfd1 Be6 17. Nxe6 fxe6 18. f4 Bf6 19. Nb5 g5 20. Nd6 Rf8 21. f5 Nxf5 22. Nxf5 exf5 23. Qxd5+ Qxd5 24. Rxd5 Rad8 25. Rad1 Kg7 26. b3 Rxd5 27. Rxd5 Rd8 28. Rxd8 Bxd8 29. Bd3 Kf6 30. g4 fxg4 31. Bxh7 Bc7 32. a3 Be5 33. b4 a6 34. Be4 Bb2 35. a4 Ke5 36. Bg2 Bd4 37. b5 axb5 38. axb5 Nb4 39. Bxb7 Bxf2+ 40. Kxf2 Nd3+ 41. Kg3 Nxc5 42. Bc6 Na4 43. Kxg4 Kf6 44. Kh5 Nb6 45. Bf3 Kf5 46. Bg4+ Kf6 47. Kh6 Nd5 48. h3 Nb6 49. Kh7 Kf7 50. Bh5+ Kf6 51. Kg8 Nd7 52. Bg4 Nb6 53. Kf8 Nd5 54. Bf3 Nb6 55. Ke8 Ke6 56. Bg4+ Kd6 57. Kf7 Ke5 58. Kg6 Kf4 59. Be6 Na4 60. Bb3 Nc5 61. b6 Kg3 62. Be6 Nxe6 63. b7 g4 1-0

[Event "Balaguer op 13th"]
[Site "Balaguer"]
[Date "2008.07.18"]
[Round "5"]
[White "Guramishvili, Sopiko"]
[Black "Babaev, Rashad"]
[Result "0-1"]
[WhiteElo "2302"]
[BlackElo "2484"]
[PlyCount "66"]
[EventDate "2008.07.14"]
[EventType "swiss"]
[EventRounds "10"]
[EventCountry "ESP"]
[SourceTitle "CBM 125 Extra"]
[Source "ChessBase"]
[SourceDate "2008.09.01"]
[SourceVersion "1"]
[SourceVersionDate "2008.09.01"]
[SourceQuality "1"]

1. d4 Nf6 2. c4 g6 3. Nc3 Bg7 4. e4 d6 5. Nf3 0-0 6. h3 e5 7. d5 a5 8. Bg5 Qe8 9. Be2 Na6 10. Nd2 Nd7 11. g4 Ndc5 12. h4 f6 13. Be3 f5 14. exf5 gxf5 15. h5 e4 16. gxf5 Kh8 17. Rg1 Bf6 18. Nf1 Bxf5 19. Ng3 Bd7 20. Qb1 Rg8 21. Rh1 Rxg3 22. fxg3 Qe5 23. Kd2 Bg5 24. Bxg5 Qxg5+ 25. Kd1 Qe5 26. Qc1 e3 27. Rg1 Nb4 28. Nb5 Bxb5 29. Qc3 Ba4+ 30. Kc1 Qxc3+ 31. bxc3 Ncd3+ 32. Bxd3 Nxd3+ 33. Kb1 e2 0-1

[Event "Balaguer op 13th"]
[Site "Balaguer"]
[Date "2008.07.17"]
[Round "4"]
[White "Babaev, Rashad"]
[Black "Vilela de Acuna, Jose Luis"]
[Result "1/2-1/2"]
[WhiteElo "2484"]
[BlackElo "2347"]
[PlyCount "52"]
[EventDate "2008.07.14"]
[EventType "swiss"]
[EventRounds "10"]
[EventCountry "ESP"]
[SourceTitle "CBM 125 Extra"]
[Source "ChessBase"]
[SourceDate "2008.09.01"]
[SourceVersion "1"]
[SourceVersionDate "2008.09.01"]
[SourceQuality "1"]

1. e4 e6 2. d4 d5 3. Nd2 c5 4. Ngf3 cxd4 5. Nxd4 Nc6 6. Bb5 Bd7 7. Nxc6 Bxc6 8. Bxc6+ bxc6 9. c4 Nf6 10. Qa4 Qc7 11. cxd5 exd5 12. 0-0 Be7 13. exd5 Nxd5 14. b3 Bf6 15. Re1+ Kd8 16. Rb1 Nc3 17. Qc4 Nxb1 18. Ne4 Be7 19. Bf4 Qxf4 20. Qxc6 Rc8 21. Qd5+ Kc7 22. Qa5+ Kb7 23. Qb5+ Ka8 24. Qd5+ Kb8 25. Qb5+ Ka8 26. Qd5+ Kb8 1/2-1/2

[Event "Benasque op 28th"]
[Site "Benasque"]
[Date "2008.07.07"]
[Round "5"]
[White "Damljanovic, Branko"]
[Black "Babaev, Rashad"]
[Result "0-1"]
[WhiteElo "2579"]
[BlackElo "2484"]
[PlyCount "68"]
[EventDate "2008.07.03"]
[EventType "swiss"]
[EventRounds "10"]
[EventCountry "ESP"]
[SourceTitle "CBM 125 Extra"]
[Source "ChessBase"]
[SourceDate "2008.09.01"]
[SourceVersion "1"]
[SourceVersionDate "2008.09.01"]
[SourceQuality "1"]

1. Nf3 Nf6 2. c4 g6 3. Nc3 Bg7 4. e4 d6 5. d4 0-0 6. h3 e5 7. d5 Nh5 8. Nh2 Qe8 9. Be2 Nf4 10. Bf3 f5 11. g3 Nxh3 12. Bg2 Qf7 13. Nf3 fxe4 14. Nxe4 Bg4 15. Rxh3 Qf5 16. Nh4 Qd7 17. Qxg4 Qxg4 18. Rh2 Na6 19. f3 Qd7 20. Bh3 Rf5 21. Nxf5 gxf5 22. Ng5 Nc5 23. Ne6 Qf7 24. Nxc5 dxc5 25. Be3 Qf6 26. Bxc5 Qg5 27. Bf2 Qh5 28. Rd1 Re8 29. g4 fxg4 30. fxg4 Qg5 31. Ke2 Qf4 32. Rg2 Qxc4+ 33. Ke1 Qe4+ 34. Kf1 Qf3 0-1

[Event "Sort op 4th"]
[Site "Sort"]
[Date "2008.07.01"]
[Round "9"]
[White "Kogan, Artur"]
[Black "Babaev, Rashad"]
[Result "1-0"]
[WhiteElo "2570"]
[BlackElo "2482"]
[PlyCount "93"]
[EventDate "2008.06.24"]
[EventType "swiss"]
[EventRounds "10"]
[EventCountry "ESP"]
[SourceTitle "CBM 125 Extra"]
[Source "ChessBase"]
[SourceDate "2008.09.01"]
[SourceVersion "1"]
[SourceVersionDate "2008.09.01"]
[SourceQuality "1"]

1. e4 c5 2. b3 d6 3. Bb2 Nf6 4. Nc3 Nc6 5. Bb5 Bd7 6. f4 e6 7. Nf3 Be7 8. e5 dxe5 9. fxe5 Nd5 10. 0-0 Nxc3 11. Bxc3 0-0 12. Qe2 Nb4 13. Bxd7 Qxd7 14. d3 b5 15. a4 a6 16. Kh1 Rac8 17. axb5 axb5 18. Rad1 Qc7 19. Be1 Ra8 20. c3 Ra2 21. Rd2 Rxd2 22. Nxd2 Nc6 23. Bg3 b4 24. Ne4 bxc3 25. Nxc3 Nd4 26. Qh5 Nf5 27. Ne4 Qd7 28. Qe2 Rd8 29. Rd1 Qd5 30. Bf2 Qxe5 31. Qc2 Nd4 32. Qc4 f5 33. Nc3 Bd6 34. Bg3 f4 35. Re1 Qh5 36. Bf2 f3 37. g3 Qh3 38. Rg1 Be7 39. b4 cxb4 40. Qc7 Nf5 41. g4 bxc3 42. gxf5 Kf8 43. Bc5 Re8 44. f6 f2 45. Bxe7+ Kg8 46. f7+ Kxf7 47. Bc5+ 1-0